JCT major project form (Record no. 102947)

MARC details
000 -LEADER
fixed length control field 01345cam a2200253 4500
001 - CONTROL NUMBER
control field J122869
008 - FIXED-LENGTH DATA ELEMENTS--GENERAL INFORMATION
fixed length control field 030702n2003 000 0 eng u
035 ## - SYSTEM CONTROL NUMBER
System control number (Sirsi) u122869
041 ## - LANGUAGE CODE
Language code of text/sound track or separate title eng
050 ## - LIBRARY OF CONGRESS CALL NUMBER
Classification number 692.8
-- 18
110 ## - MAIN ENTRY--CORPORATE NAME
Corporate name or jurisdiction name as entry element Joint Contracts Tribunal
9 (RLIN) 3664
245 ## - TITLE STATEMENT
Title JCT major project form
260 ## - PUBLICATION, DISTRIBUTION, ETC.
Place of publication, distribution, etc. London
Name of publisher, distributor, etc. RIBA Enterprises
Date of publication, distribution, etc. 2003
300 ## - PHYSICAL DESCRIPTION
Extent 48p.
Dimensions 30cm.
350 ## - PRICE (NR) (BK AM CF MU VM SE) [OBSOLETE]
Price 35
520 ## - SUMMARY, ETC.
Summary, etc. The "Major project form" is suitable for: experienced users who require limited procedural provisions in the contract form and have their own in-house procedures; experienced knowledgeable contractors who can put in place a proper system of risk; and significant projects in terms of size and complexity. Contains: general obligations; time; control; valuation and payment; indemnities and insurance; assignment and third party rights; default and dispute resolution; and communications and definitions. Also contains a copy of the attestation, the third party rights schedule, and the pricing document. Guidance note is available (J125445).
590 ## - LOCAL NOTE (RLIN)
Local note NB
590 ## - LOCAL NOTE (RLIN)
Local note NB
650 ## - SUBJECT ADDED ENTRY--TOPICAL TERM
Topical term or geographic name entry element MPF 2003
650 ## - SUBJECT ADDED ENTRY--TOPICAL TERM
Topical term or geographic name entry element MAJOR PROJECTS
650 ## - SUBJECT ADDED ENTRY--TOPICAL TERM
Topical term or geographic name entry element BUILT ENVIRONMENT-BUILDING CONTRACT FORMS-STANDARD FORMS OF BUILDING CONTRACT-JOINT CONTRACTS TRIBNUAL CONTRACTS
690 ## - LOCAL SUBJECT ADDED ENTRY--TOPICAL TERM (OCLC, RLIN)
Topical term or geographic name as entry element BUILT ENVIRONMENT-BUILDING CONTRACT FORMS
942 ## - ADDED ENTRY ELEMENTS (KOHA)
Suppress in OPAC 0
Holdings
Withdrawn status Lost status Source of classification or shelving scheme Damaged status Not for loan Home library Current library Shelving location Date acquired Cost, normal purchase price Total Checkouts Full call number Barcode Date last seen Copy number Cost, replacement price Price effective from Koha item type
    Other/Generic Classification Scheme     London London Boxed set 13/04/2004 35.00   JCT 2003/5 30069091 06/08/2019 1 35.00 06/08/2019 Reference material